000115482 001__ 115482 000115482 005__ 20220606144914.0 000115482 037__ $$aGDOC-2021-30328 000115482 041__ $$aspa 000115482 041__ $$aeng 000115482 100__ $$0(orcid)0000-0002-4099-9918$$1119850$$aArturo Jesús Mediano, Heredia 000115482 24500 $$930328$$aElectrónica de comunicaciones 000115482 24200 $$930328$$aElectronics for Communications 000115482 260__ $$aZaragoza$$bUniversidad de Zaragoza$$c2021-2022 000115482 521__ $$9145$$aGraduado en Ingeniería de Tecnologías y Servicios de Telecomunicación$$bBachelor's Degree in Telecomunications Technology and Services Engineering 000115482 540__ $$aby-nc-sa$$bCreative Commons$$c3.0$$uhttp://creativecommons.org/licenses/by-nc-sa/3.0/ 000115482 700__ $$0(orcid)0000-0002-4099-9918$$1119850$$aArturo Jesús Mediano, Heredia 000115482 830__ $$9581 000115482 830__ $$9438 000115482 8564_ $$s10199$$uhttps://zaguan.unizar.es/record/115482/files/guia-30328-en.pdf$$yGuide (english) 000115482 8564_ $$s16959$$uhttps://zaguan.unizar.es/record/115482/files/guia-30328-es.pdf$$yGuía (idioma español) 000115482 970__ $$aGDOC-2021-30328 000115482 980__ $$aGDOC$$bEngineering and Architecture$$bIngeniería y Arquitectura$$c110